Performance evaluation of pilot assisted channel estimation algorithms for OFDM (Record no. 181717)

000 -LEADER
fixed length control field 00648 a2200181 4500
003 - CONTROL NUMBER IDENTIFIER
control field Nust
005 - DATE AND TIME OF LATEST TRANSACTION
control field 20170207153219.0
040 ## - CATALOGING SOURCE
Transcribing agency Nust
082 ## - DEWEY DECIMAL CLASSIFICATION NUMBER
Classification number 621.382
100 ## - MAIN ENTRY--PERSONAL NAME
Personal name Abbasi, Sadaf (MSEE-11)
245 ## - TITLE STATEMENT
Title Performance evaluation of pilot assisted channel estimation algorithms for OFDM
Statement of responsibility, etc. Sadaf Abbasi
260 ## - PUBLICATION, DISTRIBUTION, ETC.
Place of publication, distribution, etc. Rawalpindi
Name of publisher, distributor, etc. MCS, NUST
Date of publication, distribution, etc. 2009
300 ## - PHYSICAL DESCRIPTION
Extent xvi, 96, p.
505 ## - FORMATTED CONTENTS NOTE
Formatted contents note Orthogonal frequency division multiple access (page-4) Pilot associated channel estimation in OFDM (page-14) Pilot insertion algorithms (page-23) Results and conclusion (page-89).
538 ## - SYSTEM DETAILS NOTE
System details note Almirah No 69 Shelf No 2
650 ## - SUBJECT ADDED ENTRY--TOPICAL TERM
Topical term or geographic name entry element MS Thesis
651 ## - SUBJECT ADDED ENTRY--GEOGRAPHIC NAME
Geographic name MSEE-11
942 ## - ADDED ENTRY ELEMENTS (KOHA)
Koha item type
Holdings
Withdrawn status Lost status Source of classification or shelving scheme Damaged status Not for loan Collection code Permanent Location Current Location Date acquired Total Checkouts Full call number Barcode Date last seen Price effective from Koha item type
            Military College of Signals (MCS) Military College of Signals (MCS) 12/12/2016   621.382 ABB MCSTE-68 12/08/2016 12/12/2016 Book
            Military College of Signals (MCS) Military College of Signals (MCS) 12/12/2016   621.382 ABB MCSTEE-113 12/08/2016 12/12/2016 Book
            Military College of Signals (MCS) Military College of Signals (MCS) 12/12/2016   621.382 ABB MCSTEE-128 12/08/2016 12/12/2016 Book
© 2023 Central Library, National University of Sciences and Technology. All Rights Reserved.